Sports Quiz

Random Sports or Baseball Quiz

Pittsburgh Pirates 25+ HRs Single Season Quiz Stats

 Plays Quiz Updated Oct 3, 2019

Score 0/64 Timer 06:00
4 Plays Today
HRs Player % Correct
27Willie Stargell
91.7%
33Willie Stargell
91.7%
29Willie Stargell
91.7%
31Willie Stargell
91.7%
48Willie Stargell
91.7%
33Willie Stargell
91.7%
44Willie Stargell
91.7%
25Willie Stargell
91.7%
28Willie Stargell
91.7%
32Willie Stargell
91.7%
34Barry Bonds
90.7%
33Barry Bonds
90.7%
25Barry Bonds
90.7%
25Barry Bonds
90.7%
31Andrew McCutchen
85.5%
25Andrew McCutchen
85.5%
28Andrew McCutchen
85.5%
29Roberto Clemente
82.6%
54Ralph Kiner
76.6%
51Ralph Kiner
76.6%
40Ralph Kiner
76.6%
47Ralph Kiner
76.6%
42Ralph Kiner
76.6%
37Ralph Kiner
76.6%
37Josh Bell
76.1%
32Bobby Bonilla
73.4%
25Dave Parker
66.7%
30Dave Parker
66.7%
25Dave Parker
66.7%
35Jason Bay
64.2%
26Jason Bay
64.1%
32Jason Bay
64.1%
HRs Player % Correct
25Andy Van Slyke
59.3%
39Brian Giles
55.2%
35Brian Giles
55.2%
37Brian Giles
55.2%
38Brian Giles
55.2%
30Pedro Alvarez
49.1%
36Pedro Alvarez
49.1%
27Pedro Alvarez
49.1%
26Josh Bell
48.8%
34Aramis Ramirez
37.5%
27Garrett Jones
36.9%
29Craig Wilson
33%
30Jeff King
32.2%
31Jason Thompson
29.4%
30Frank Thomas
28.3%
25Frank Thomas
28.3%
25Frank Thomas
28.3%
35Frank Thomas
28.3%
27Kevin Young
26.9%
26Kevin Young
26.9%
26Bill Robinson
24.7%
27Dick Stuart
23.8%
35Dick Stuart
23.8%
27Bob Robertson
23.5%
26Bob Robertson
23.5%
25Richie Hebner
23%
25Adam LaRoche
18.3%
31Reggie Sanders
16.5%
26Nate McLouth
16.3%
25Hank Greenberg
14.3%
28Donn Clendenon
13.8%
27Dale Long
10.5%

You're not logged in!

Compare scores with friends on all Sporcle quizzes.
OR
Log In

Sporcle TV

Today on Sporcle TV


Watch our educational content, quiz creation guides, and fun videos on Sporcle TV.

Show Comments

Extras

Top Quizzes Today


Score Distribution

Your Account Isn't Verified!

In order to create a playlist on Sporcle, you need to verify the email address you used during registration. Go to your Sporcle Settings to finish the process.

Report this User

Report this user for behavior that violates our Community Guidelines.

Details: